000 00418nam a2200157Ia 4500
008 230917s9999||||xx |||||||||||||| ||und||
020 _cPOU5
040 _e6846
_aMAIN
041 _aEnglish
082 _a301.045 K46M
100 _aKerr, Clark
245 0 _aMarshall, Marx and modern times: The multi-dimensional society
260 _aCambridge
_bCambridge University Press
_c1969
300 _a138 p.
942 _cBK
999 _c71460
_d71460